000 00747nam a2200217Ia 4500
001 15419
003 GE_BSU
008 181216s||||||||xx |||||||||||||| ||und||
040 _cGE_BSU
080 _a821.353.1+821.353.1-11
100 _aჩარკვიანი,ჯანსუღ
245 _aგმირი და წინ. ლექსები და პოემები
245 _cრედ.ვ.ჯავახაძე. მხატვ. ზ.ფორჩხიძე
260 _aქუთაისი
260 _bფედერაცია
260 _c1932
300 _a108გვ.16სმ.
653 _aგმირი და წინ
653 _aლექსები და პოემები
942 _cBK
999 _c48522
_d48522